| 000 | 00478nam a22001697a 4500 | ||
|---|---|---|---|
| 003 | SGT | ||
| 020 | _a9789354664731 | ||
| 082 |
_a611 _bB23C |
||
| 100 | _aCHAURSIA, BD. | ||
| 245 | _aBD. CHAURSIA'S HUMAN ANATOMY, REGIONAL & APPLIED UPPER LINB & THORAX VOL-1 | ||
| 250 | _a9TH | ||
| 260 |
_aINDIA _bCBS PUB _c2023 |
||
| 300 | _a362 | ||
| 650 | _aHUMAN ANATOMY | ||
| 653 | _aBD. CHAURSIA'S HUMAN ANATOMY, REGIONAL & APPLIED UPPER LINB & THORAX VOL-1 | ||
| 942 |
_2ddc _cBK _060 |
||
| 999 |
_c25295 _d25295 |
||